Flag Collection #1 - Statistics

General Stats
  • This quiz has been taken 8 times
  • The average score is 6 of 20
Answer Stats
Picture Hint Answer % Correct
China
100%
Japan
100%
Switzerland
100%
Morocco
83%
Tonga
83%
Nigeria
67%
Chilliwack
17%
Andalusia
0%
Aomori
0%
Aya
0%
Groningen
0%
(1200-1350) Holy Roman Empire
0%
Kirkcudbrightshire
0%
Majapahit Empire
0%
(1868-1871) Muscat and Oman
0%
Palmeira das Missoes
0%
San Ramon
0%
Senan
0%
Toyama
0%
Utrecht
0%
No matching quizzes found
Score Distribution
Percent of People with Each Score
Percentile by Number Answered
Your Score History
You have not taken this quiz